[Event "London league"]
[Site "?"]
[Date "1971.03.19"]
[Round "?"]
[White "Coates, P."]
[Black "Stebbings, A."]
[Result "0-1"]
[WhiteElo "2024"]
[BlackElo "2040"]
[PlyCount "50"]
[EventDate "1971.??.??"]

1. f4 Nf6 2. Nf3 g6 3. d3 d5 4. e3 b6 5. Be2 Bg7 6. O-O O-O 7. Nbd2 Bb7 8. Ne5
Nfd7 9. d4 f6 10. Nd3 e5 11. f5 c5 12. dxe5 fxe5 13. fxg6 hxg6 14. Rxf8+ Qxf8
15. e4 dxe4 16. Ne1 Nf6 17. Bc4+ Kh7 18. Nf1 Nc6 19. c3 Rd8 20. Qe2 Qd6 21. Qf2
Ng4 22. Qh4+ Nh6 23. Bxh6 Bxh6 24. Ne3 Qe7 25. Qxe4 Na5 0-1

[Event "County match"]
[Site "?"]
[Date "1971.03.20"]
[Round "?"]
[White "Stebbings, A."]
[Black "Smith, IB."]
[Result "0-1"]
[WhiteElo "2040"]
[BlackElo "2168"]
[PlyCount "71"]
[EventDate "1971.??.??"]

1. d4 Nf6 2. c4 g6 3. Nc3 Bg7 4. e4 d6 5. f4 O-O 6. Nf3 c5 7. d5 e6 8. Be2 exd5
9. cxd5 Re8 10. e5 dxe5 11. fxe5 Ng4 12. Bg5 Qa5 13. O-O Nxe5 14. Nxe5 Bxe5 15.
Bc4 Qb4 16. Qf3 f5 17. Bb5 Bd7 18. Bxd7 Nxd7 19. d6 Qd4+ 20. Kh1 Qxd6 21. Rad1
Qe6 22. Qxb7 Nb6 23. Rfe1 Qf7 24. Qc6 Rac8 25. Qb5 Qc4 26. h3 Qxb5 27. Nxb5 Bb8
28. Kg1 Kg7 29. Kf2 a6 30. Nc3 Be5 31. Kf3 Bd4 32. Be3 Rxe3+ 33. Rxe3 Bxe3 34.
Kxe3 Nc4+ 35. Kf3 Nxb2 36. Rd7+ 0-1

[Event "Essex league"]
[Site "?"]
[Date "1971.03.22"]
[Round "?"]
[White "O'Connell, M."]
[Black "Stebbings, A."]
[Result "1-0"]
[WhiteElo "2024"]
[BlackElo "2040"]
[PlyCount "69"]
[EventDate "1971.??.??"]

1. d4 Nf6 2. c4 e5 3. dxe5 Ng4 4. Nf3 Nc6 5. Nc3 Bc5 6. e3 O-O 7. a3 a5 8. Bd3
Re8 9. Ne4 Bf8 10. Nfg5 Ncxe5 11. Bc2 f5 12. f4 fxe4 13. h4 h6 14. Qd5+ Kh8 15.
fxe5 Nxe5 16. Qxe4 g6 17. Nf7+ Nxf7 18. Qxg6 Ng5 19. hxg5 Qe7 20. Bd2 Qg7 21.
Bc3 Rxe3+ 22. Kd2 Rxc3 23. Qxg7+ Kxg7 24. gxh6+ Kh8 25. bxc3 d6 26. Raf1 Bg4
27. Rf4 Be6 28. Rh2 Re8 29. Bd3 b6 30. Rf6 Bd7 31. Rf7 Be7 32. Kc2 Be6 33. Rh7+
Kg8 34. Rg7+ Kh8 35. g4 1-0

[Event "London league"]
[Site "?"]
[Date "1971.04.07"]
[Round "?"]
[White "Stebbings, A."]
[Black "Byway, P."]
[Result "1/2-1/2"]
[WhiteElo "2040"]
[BlackElo "2072"]
[PlyCount "109"]
[EventDate "1971.??.??"]

1. e4 c5 2. Nf3 Nc6 3. d4 cxd4 4. Nxd4 Nf6 5. Nc3 d6 6. Bc4 e6 7. Be3 Be7 8.
Qe2 O-O 9. O-O-O a6 10. Bb3 Qc7 11. g4 Nd7 12. f4 Nc5 13. Kb1 Bd7 14. g5 b5 15.
Qg2 b4 16. Nce2 Qb7 17. Ng3 a5 18. f5 Nxd4 19. f6 Nb5 20. fxe7 Rfe8 21. Bc4
Nc3+ 22. bxc3 bxc3+ 23. Bb3 a4 24. Bxc5 dxc5 25. Nh5 Rxe7 26. Nf6+ Kh8 27. Nxd7
Rxd7 28. Qf3 axb3 29. cxb3 Rxd1+ 30. Rxd1 c2+ 31. Kxc2 Rxa2+ 32. Kb1 Qa8 33.
Rd8+ Qxd8 34. Kxa2 Kg8 35. Qf4 f6 36. gxf6 Qxf6 37. Qb8+ Qf8 38. Qe5 Qa8+ 39.
Kb2 Qc6 40. Kc3 Qb6 41. Kc2 h6 42. h4 Kf8 43. h5 Kg8 44. Kc3 Qa5+ 45. Kb2 Qd2+
46. Ka3 Qc1+ 47. Ka4 Kf7 48. Kb5 Qe3 49. Qc7+ Kf6 50. e5+ Kf5 51. Qxg7 Qxb3+
52. Kxc5 Qd5+ 53. Kb6 Qd8+ 54. Kc6 Qd5+ 55. Kb6 1/2-1/2

[Event "Tournament: Southend SCCU ch."]
[Site "?"]
[Date "1971.04.09"]
[Round "?"]
[White "Stebbings, A."]
[Black "Burstow, J."]
[Result "1/2-1/2"]
[WhiteElo "2040"]
[BlackElo "2160"]
[PlyCount "69"]
[EventDate "1971.??.??"]

1. d4 d5 2. c4 e6 3. Nc3 c5 4. cxd5 exd5 5. Nf3 Nc6 6. g3 Nf6 7. Bg2 Be7 8. O-O
O-O 9. dxc5 Bxc5 10. Na4 Bb6 11. Bg5 Be6 12. Nxb6 axb6 13. Nd4 h6 14. Bf4 Qd7
15. Qd3 Bh3 16. a3 Rfe8 17. Nb5 g5 18. Bc7 Bf5 19. Qd1 Re6 20. a4 Ra6 21. Rc1
Ne8 22. Qxd5 Rxe2 23. b3 Nb4 24. Qxd7 Bxd7 25. Bxb7 Bxb5 26. axb5 Ra7 27. Bf3
Re6 28. Bb8 Ra3 29. Rfe1 Rxb3 30. Rxe6 fxe6 31. Bg4 Kf7 32. Rc8 Ng7 33. Be5 Nd5
34. Bxg7 Kxg7 35. Bxe6 1/2-1/2

[Event "Tournament: Southend SCCU ch."]
[Site "?"]
[Date "1971.04.10"]
[Round "?"]
[White "O'Kelly, R."]
[Black "Stebbings, A."]
[Result "0-1"]
[WhiteElo "2144"]
[BlackElo "2040"]
[PlyCount "162"]
[EventDate "1971.??.??"]

1. d4 Nf6 2. c4 g6 3. g3 Bg7 4. Bg2 d5 5. cxd5 Nxd5 6. e4 Nb6 7. Ne2 O-O 8. O-O
e5 9. d5 c6 10. Nbc3 cxd5 11. exd5 Bf5 12. b3 Qd7 13. Ba3 Rd8 14. Rc1 Na6 15.
Qd2 Bh3 16. Rfd1 Bxg2 17. Kxg2 Rac8 18. Qe3 Nc7 19. Qf3 f5 20. d6 Ne8 21. Nd5
e4 22. Qe3 Nxd5 23. Rxd5 Rxc1 24. Qxc1 Bf8 25. Qc4 Qf7 26. Ra5 Qxc4 27. bxc4
Nxd6 28. Rxa7 Nxc4 29. Bxf8 Kxf8 30. Rxb7 Rd2 31. Nf4 Ne3+ 32. Kh3 Rxf2 33. Kh4
Rxh2+ 34. Kg5 Ng4 35. Rc7 Ke8 36. Ne6 Rh5+ 37. Kf4 Rh2 38. Ng7+ Kf8 39. Ne6+
Kg8 40. Kg5 Rxa2 41. Rg7+ Kh8 42. Re7 Ra8 43. Nc5 e3 44. Nd7 Rg8 45. Ne5 h6+
46. Kf4 Nxe5 47. Rxe5 Rf8 48. Rxe3 g5+ 49. Kf3 Kg7 50. Ra3 Kg6 51. Rb3 Rf6 52.
Ra3 Rb6 53. Ke3 Rb4 54. Kf3 Rb6 55. Rc3 h5 56. Rc8 g4+ 57. Kf2 Kg5 58. Rg8+ Rg6
59. Rf8 Rh6 60. Rg8+ Kf6 61. Rf8+ Kg6 62. Ke3 h4 63. gxh4 Rxh4 64. Kf4 Rh3 65.
Rf6+ Kh5 66. Rxf5+ Kh4 67. Ke4 Rh1 68. Ra5 Re1+ 69. Kf4 Rf1+ 70. Ke3 g3 71. Ra8
g2 72. Rh8+ Kg3 73. Rg8+ Kh2 74. Rh8+ Kg1 75. Rh7 Rf8 76. Ke2 Re8+ 77. Kd2 Re5
78. Rh8 Kf2 79. Rf8+ Kg3 80. Rg8+ Kf3 81. Rg7 Re4 0-1

[Event "Tournament: Southend SCCU ch."]
[Site "?"]
[Date "1971.04.10"]
[Round "?"]
[White "Stebbings, A."]
[Black "Smith, R."]
[Result "0-1"]
[WhiteElo "2040"]
[BlackElo "2272"]
[PlyCount "56"]
[EventDate "1971.??.??"]

1. d4 Nf6 2. c4 g6 3. Nc3 d5 4. Nf3 Bg7 5. Qb3 dxc4 6. Qxc4 O-O 7. e4 Na6 8.
Bg5 h6 9. Bh4 c5 10. d5 b5 11. Nxb5 Nxe4 12. Qxe4 Qa5+ 13. Nd2 Bf5 14. Qc4 Bxb2
15. Rd1 Nb4 16. Nb3 Nc2+ 17. Ke2 Qxa2 18. Kf3 a6 19. Nc3 Bxc3 20. Qxc3 g5 21.
Bg3 g4+ 22. Kf4 Qa4+ 23. Qc4 Qd7 24. Bd3 Qd6+ 25. Kxf5 Qg6+ 26. Ke5 f6+ 27. Ke6
f5+ 28. Kd7 Ra7+ 0-1

[Event "Tournament: Southend SCCU ch."]
[Site "?"]
[Date "1971.04.11"]
[Round "?"]
[White "Byway, P."]
[Black "Stebbings, A."]
[Result "1/2-1/2"]
[WhiteElo "2072"]
[BlackElo "2040"]
[PlyCount "56"]
[EventDate "1971.??.??"]

1. c4 c5 2. Nc3 g6 3. g3 Bg7 4. Bg2 Nc6 5. a3 Rb8 6. Rb1 a6 7. b4 cxb4 8. axb4
b5 9. cxb5 axb5 10. Nf3 d5 11. d4 Bf5 12. Rb3 Nf6 13. Ne5 Rc8 14. Bb2 O-O 15.
O-O Nxe5 16. dxe5 Ne4 17. Nxb5 Nxf2 18. Rxf2 Bc2 19. Qxd5 Qxd5 20. Bxd5 e6 21.
Bxe6 fxe6 22. Rbf3 Rb8 23. Na3 Be4 24. Rxf8+ Bxf8 25. Nc4 Bxb4 26. Bd4 Rc8 27.
Nb6 Rc1+ 28. Rf1 Rc2 1/2-1/2

[Event "Tournament: Southend SCCU ch."]
[Site "?"]
[Date "1971.04.11"]
[Round "?"]
[White "Stebbings, A."]
[Black "Sales, K."]
[Result "1/2-1/2"]
[WhiteElo "2040"]
[BlackElo "2216"]
[PlyCount "55"]
[EventDate "1971.??.??"]

1. d4 Nf6 2. c4 e6 3. Nc3 Bb4 4. e3 b6 5. Nge2 Ba6 6. a3 Bxc3+ 7. Nxc3 d5 8. b3
O-O 9. Be2 Nc6 10. cxd5 Bxe2 11. Qxe2 exd5 12. O-O Re8 13. Rd1 Na5 14. Qc2 Qd7
15. Na4 Ne4 16. Bd2 Nxd2 17. Rxd2 Re6 18. Nb2 Rg6 19. b4 Qg4 20. f3 Qxf3 21.
bxa5 Qxe3+ 22. Kh1 Re8 23. Rdd1 Re4 24. axb6 axb6 25. Qd2 Qb3 26. Rac1 Qxa3 27.
Rxc7 h6 28. Qc3 1/2-1/2

[Event "Tournament: Southend SCCU ch."]
[Site "?"]
[Date "1971.04.12"]
[Round "?"]
[White "Webb, R."]
[Black "Stebbings, A."]
[Result "0-1"]
[WhiteElo "2160"]
[BlackElo "2040"]
[PlyCount "54"]
[EventDate "1971.??.??"]

1. Nf3 d5 2. g3 c6 3. Bg2 Bg4 4. d4 Nd7 5. Nbd2 e6 6. O-O Bd6 7. c4 Ngf6 8. b3
Qe7 9. Bb2 e5 10. cxd5 cxd5 11. dxe5 Nxe5 12. h3 Bh5 13. Nd4 Bg6 14. Nb5 Bc5
15. Rc1 a6 16. Nc3 Rd8 17. Nf3 Nxf3+ 18. Bxf3 d4 19. Nb1 Ne4 20. Nd2 Nc3 21.
Bxc3 dxc3 22. Rxc3 O-O 23. e3 Bb4 24. Qc1 Bxc3 25. Qxc3 Rc8 26. Qa5 Rc2 27. Bd1
b6 0-1

[Event "Essex league"]
[Site "?"]
[Date "1971.04.17"]
[Round "?"]
[White "Speigel, J."]
[Black "Stebbings, A."]
[Result "0-1"]
[WhiteElo "1880"]
[BlackElo "2040"]
[PlyCount "78"]
[EventDate "1971.??.??"]

1. Nf3 d5 2. g3 c6 3. Bg2 Bg4 4. d3 Nd7 5. Nc3 e6 6. O-O Bd6 7. Nd2 Ne7 8. f3
Bh5 9. e4 O-O 10. Qe1 Re8 11. f4 f5 12. b3 Qa5 13. Ndb1 Bb4 14. Bd2 fxe4 15.
dxe4 d4 16. Ne2 Bxd2 17. Nxd2 Qc5 18. Kh1 e5 19. Bh3 Rad8 20. Be6+ Bf7 21.
Bxf7+ Kxf7 22. fxe5+ Kg8 23. e6 Nf8 24. Qf2 Qxc2 25. Nxd4 Qd3 26. Qf7+ Kh8 27.
N4f3 Nfg6 28. Nh4 Nxh4 29. gxh4 Qxd2 30. Rad1 Qxd1 31. Rxd1 Rxd1+ 32. Kg2 Rdd8
33. h5 h6 34. Kg3 b5 35. Kg4 a6 36. h4 Ng8 37. e5 Re7 38. Qg6 Rd2 39. Qe4 Rxe6
0-1

[Event "Hampshire leagues"]
[Site "?"]
[Date "1971.05.22"]
[Round "?"]
[White "Stebbings, A."]
[Black "Harvey, J."]
[Result "1-0"]
[WhiteElo "2152"]
[BlackElo "1840"]
[PlyCount "51"]
[EventDate "1971.??.??"]

1. d4 Nf6 2. c4 d5 3. cxd5 Nxd5 4. Nf3 g6 5. e4 Nb6 6. Nc3 Bg7 7. Be3 O-O 8.
Qd2 Re8 9. O-O-O Nc6 10. d5 Ne5 11. Nxe5 Bxe5 12. h4 c6 13. h5 cxd5 14. exd5
Bf5 15. hxg6 Bxg6 16. Bb5 Bxc3 17. bxc3 Qd6 18. Bxb6 Qxb6 19. Bd3 Red8 20. Bxg6
Qxg6 21. Rh3 Kh8 22. Rdh1 Rg8 23. Rh6 Qg7 24. Qd4 f6 25. Qe4 Qg5+ 26. f4 1-0

[Event "Tournament: Bagneux Open"]
[Site "Paris"]
[Date "1971.07.05"]
[Round "?"]
[White "Stebbings, A."]
[Black "Vujovic, M."]
[Result "0-1"]
[WhiteElo "2152"]
[BlackElo "2320"]
[PlyCount "52"]
[EventDate "1971.??.??"]

1. d4 Nf6 2. c4 g6 3. Nc3 Bg7 4. e4 d6 5. f4 c5 6. d5 Na6 7. Nf3 Nc7 8. Bd3 O-O
9. O-O Bd7 10. f5 a6 11. a4 b6 12. Qe2 Rb8 13. e5 dxe5 14. Nxe5 b5 15. axb5
axb5 16. fxg6 hxg6 17. b3 Bg4 18. Qe1 Rb6 19. Ra5 Bc8 20. Bc2 Bb7 21. Be3 Nfxd5
22. Nxd5 Nxd5 23. cxd5 Bxe5 24. Bxc5 Qxd5 25. Qf2 Rf6 26. Rd1 Qc6 0-1

[Event "Tournament: Bagneux Open"]
[Site "Paris"]
[Date "1971.07.06"]
[Round "?"]
[White "Stebbings, A."]
[Black "Wyss, R."]
[Result "1-0"]
[WhiteElo "2152"]
[BlackElo "1960"]
[PlyCount "71"]
[EventDate "1971.??.??"]

1. d4 Nf6 2. c4 c5 3. d5 b5 4. cxb5 a6 5. Nc3 d6 6. e4 g6 7. Nf3 Bg7 8. Nd2 O-O
9. bxa6 Bxa6 10. Bxa6 Nxa6 11. O-O Nd7 12. Nc4 Qc7 13. Bg5 Ne5 14. Nxe5 Bxe5
15. Qd2 Rfb8 16. f4 Bd4+ 17. Kh1 Rb4 18. Rfe1 Qb7 19. b3 Bg7 20. Rac1 Rd4 21.
Qe2 Nb4 22. Rf1 Na6 23. f5 Rf8 24. f6 exf6 25. Bxf6 Bxf6 26. Rxf6 Qe7 27. Qf3
Rb4 28. Rf1 Nb8 29. e5 dxe5 30. d6 Qe8 31. Nd5 Rd4 32. Nc7 Qd7 33. Ne6 e4 34.
Qf4 e3 35. Qh6 Qxe6 36. Rxe6 1-0

[Event "Tournament: Bagneux Open"]
[Site "Paris"]
[Date "1971.07.07"]
[Round "?"]
[White "Thomas, D."]
[Black "Stebbings, A."]
[Result "0-1"]
[WhiteElo "2040"]
[BlackElo "2152"]
[PlyCount "36"]
[EventDate "1971.??.??"]

1. e4 c5 2. d4 cxd4 3. c3 Nf6 4. e5 Nd5 5. Qxd4 e6 6. Nf3 Nc6 7. Qe4 f5 8. exf6
Nxf6 9. Qc2 d5 10. Bg5 e5 11. Bb5 Bd6 12. O-O O-O 13. h3 Bc7 14. Bh4 Qd6 15.
Bg3 Nh5 16. Bh2 Nf4 17. Nbd2 e4 18. Nd4 Nxh3+ 0-1

[Event "Tournament: Bagneux Open"]
[Site "Paris"]
[Date "1971.07.08"]
[Round "?"]
[White "Stebbings, A."]
[Black "Bennett, G."]
[Result "1/2-1/2"]
[WhiteElo "2152"]
[BlackElo "2240"]
[PlyCount "80"]
[EventDate "1971.??.??"]

1. d4 Nf6 2. c4 c5 3. d5 e5 4. Nc3 d6 5. e4 Be7 6. Bd3 O-O 7. h3 Na6 8. g4 Nc7
9. Be3 a6 10. a3 b5 11. b4 bxc4 12. Bxc4 cxb4 13. axb4 Bd7 14. Nge2 Nfe8 15.
Qd2 Rb8 16. Rb1 Nb5 17. Nxb5 axb5 18. Bd3 Nc7 19. O-O Na8 20. Nc3 Nb6 21. Qe2
Na4 22. Rfc1 Nxc3 23. Rxc3 Bg5 24. Bxg5 Qxg5 25. Rc7 Rfd8 26. Ra1 h5 27. Raa7
Be8 28. Qf3 hxg4 29. hxg4 Rdc8 30. Rab7 Qc1+ 31. Kg2 Qxc7 32. Rxc7 Rxc7 33. Qf5
Rc3 34. Be2 Rc2 35. Kf1 Ra8 36. g5 Ra1+ 37. Kg2 g6 38. Qf6 Rxe2 39. Qd8 Kf8 40.
Qxd6+ Kg8 1/2-1/2

[Event "Tournament: Bagneux Open"]
[Site "Paris"]
[Date "1971.07.09"]
[Round "?"]
[White "Macles, J."]
[Black "Stebbings, A."]
[Result "1/2-1/2"]
[WhiteElo "2320"]
[BlackElo "2152"]
[PlyCount "57"]
[EventDate "1971.??.??"]

1. d4 Nf6 2. c4 g6 3. Nc3 d5 4. cxd5 Nxd5 5. e4 Nxc3 6. bxc3 Bg7 7. Bc4 O-O 8.
Ne2 c5 9. O-O Nc6 10. Be3 Qc7 11. Rc1 Rd8 12. Qe1 e6 13. f4 b6 14. Qf2 Na5 15.
Bd3 f5 16. Ng3 Qd7 17. d5 fxe4 18. Nxe4 Qxd5 19. Rcd1 Bb7 20. Ng5 Qc6 21. Be4
Qe8 22. Bxb7 Nxb7 23. Qf3 Qe7 24. Bf2 h6 25. Nxe6 Qxe6 26. Qxb7 Bxc3 27. Rxd8+
Rxd8 28. Qxa7 Rd7 29. Qa6 1/2-1/2

[Event "Tournament: Bagneux Open"]
[Site "Paris"]
[Date "1971.07.10"]
[Round "?"]
[White "Stebbings, A."]
[Black "Mariette"]
[Result "1-0"]
[WhiteElo "2152"]
[BlackElo "1960"]
[PlyCount "43"]
[EventDate "1971.??.??"]

1. d4 Nf6 2. c4 e5 3. dxe5 Ng4 4. Nf3 d6 5. Bf4 Nc6 6. exd6 Qf6 7. Qd2 Bf5 8.
h3 Nge5 9. Nxe5 Nxe5 10. Qe3 cxd6 11. Nc3 Qe6 12. b3 Be7 13. Nd5 O-O 14. Nc7
Qf6 15. Rd1 Bd8 16. Nd5 Qg6 17. Qg3 Qe6 18. e3 b5 19. Bxe5 dxe5 20. cxb5 Be4
21. Bc4 Ba5+ 22. Ke2 1-0

[Event "Tournament: Bagneux Open"]
[Site "Paris"]
[Date "1971.07.11"]
[Round "?"]
[White "Weeramantry, S."]
[Black "Stebbings, A."]
[Result "1-0"]
[WhiteElo "2216"]
[BlackElo "2152"]
[PlyCount "79"]
[EventDate "1971.??.??"]

1. e4 c5 2. Nc3 g6 3. f4 Bg7 4. Nf3 Nc6 5. Bc4 e6 6. f5 Nge7 7. fxe6 fxe6 8.
O-O O-O 9. d3 d5 10. Bb3 Nd4 11. Bg5 Nxb3 12. axb3 d4 13. Na4 Rf7 14. Nxc5 Qd6
15. Bxe7 Rxe7 16. b4 b6 17. Nb3 Qxb4 18. e5 Bb7 19. Kh1 Bd5 20. Qe2 Bxb3 21.
cxb3 Qxb3 22. Nxd4 Qd5 23. Nf3 Rc8 24. Rac1 Rec7 25. Rxc7 Rxc7 26. d4 Rc4 27.
h3 a5 28. Ng5 h6 29. Nf3 b5 30. Qd3 g5 31. Qg6 Rc8 32. h4 gxh4 33. Nxh4 Qxd4
34. Qxe6+ Kh7 35. Qf5+ Kg8 36. Qxc8+ Kh7 37. Qf5+ Kg8 38. Ng6 Qxb2 39. Ne7+ Kh8
40. Qf7 1-0

[Event "Essex league"]
[Site "?"]
[Date "1971.07.15"]
[Round "?"]
[White "Stebbings, A."]
[Black "Watts, R."]
[Result "1-0"]
[WhiteElo "2152"]
[BlackElo "2024"]
[PlyCount "67"]
[EventDate "1971.??.??"]

1. d4 d5 2. c4 e6 3. Nc3 Be7 4. cxd5 exd5 5. Bf4 c6 6. e3 Nf6 7. h3 Bd6 8. Bxd6
Qxd6 9. Bd3 O-O 10. Nf3 Re8 11. Qc2 Nbd7 12. O-O Nf8 13. Rab1 Ng6 14. b4 Be6
15. Rfc1 Rec8 16. b5 c5 17. dxc5 Rxc5 18. Qa4 Qd7 19. Ne2 Rxc1+ 20. Rxc1 a6 21.
Qa5 Qe8 22. bxa6 bxa6 23. Ned4 Bd7 24. Rb1 Qc8 25. Rb6 Bb5 26. Nxb5 axb5 27.
Qxb5 Qc1+ 28. Kh2 Qc7+ 29. g3 Rxa2 30. Kg2 Ne4 31. Rb8+ Nf8 32. Bxe4 dxe4 33.
Nd4 g6 34. Qb4 1-0

[Event "Essex league"]
[Site "?"]
[Date "1971.09.23"]
[Round "?"]
[White "Stebbings, A."]
[Black "Hunnable, I."]
[Result "1-0"]
[WhiteElo "2152"]
[BlackElo "1896"]
[PlyCount "47"]
[EventDate "1971.??.??"]

1. d4 Nf6 2. c4 e6 3. Nc3 Bb4 4. e3 b6 5. Nge2 Bb7 6. a3 Be7 7. d5 O-O 8. e4 e5
9. Ng3 d6 10. Nf5 h6 11. Qf3 Nbd7 12. Bxh6 Ne8 13. Qg3 Bf6 14. Bd3 Nc5 15. Bc2
Bc8 16. b4 Nb7 17. O-O a5 18. Ba4 Bxf5 19. exf5 Qe7 20. Ne4 axb4 21. axb4 Bh4
22. Qg4 Bf6 23. Nxf6+ Qxf6 24. Bg5 1-0

[Event "London league"]
[Site "?"]
[Date "1971.09.24"]
[Round "?"]
[White "Stebbings, A."]
[Black "Broome, W."]
[Result "0-1"]
[WhiteElo "2152"]
[BlackElo "2016"]
[PlyCount "96"]
[EventDate "1971.??.??"]

1. d4 Nf6 2. c4 e6 3. Nc3 Bb4 4. e3 O-O 5. Nge2 c5 6. a3 cxd4 7. axb4 dxc3 8.
Nxc3 d5 9. cxd5 Nxd5 10. Nxd5 exd5 11. Be2 Bf5 12. O-O Nc6 13. b5 Ne5 14. Qd4
Qd6 15. Bd2 Rfe8 16. Rxa7 Rxa7 17. Qxa7 Qg6 18. Qd4 Be4 19. f3 Bd3 20. Bxd3
Qxd3 21. Bc3 f6 22. Rd1 Qxd4 23. Rxd4 Nc4 24. e4 Rd8 25. Kf2 Kf7 26. Rxd5 Rxd5
27. exd5 Nb6 28. d6 Ke6 29. Ke3 Kxd6 30. Kd4 Nd5 31. g4 b6 32. Be1 Ke6 33. Bg3
g6 34. b3 Ne7 35. Bc7 Nd5 36. Bxb6 Nxb6 37. Kc5 Nd7+ 38. Kc6 Ne5+ 39. Kc7 Nxf3
40. b6 Ne5 41. b7 Nd7 42. b4 f5 43. gxf5+ gxf5 44. b5 f4 45. b8=Q Nxb8 46. Kxb8
f3 47. b6 f2 48. b7 f1=Q 0-1

[Event "Tournament: Southampton Open"]
[Site "?"]
[Date "1971.10.22"]
[Round "?"]
[White "Graham, N."]
[Black "Stebbings, A."]
[Result "0-1"]
[WhiteElo "1800"]
[BlackElo "2152"]
[PlyCount "62"]
[EventDate "1971.??.??"]

1. d4 Nf6 2. c4 g6 3. Nc3 d5 4. e3 Bg7 5. Qb3 e6 6. cxd5 exd5 7. Nf3 O-O 8. Bd2
b6 9. a4 a5 10. Rc1 Bb7 11. Nb5 c6 12. Na3 Nbd7 13. Qc2 Ne4 14. Bd3 f5 15. b4
axb4 16. Bxb4 c5 17. dxc5 bxc5 18. Bd2 Nxd2 19. Nxd2 c4 20. Be2 Qa5 21. Bf3 Ne5
22. O-O Qxa4 23. Qxa4 Rxa4 24. Nb5 Nxf3+ 25. Nxf3 Bb2 26. Rc2 Rb4 27. Rb1 Ra8
28. Nd6 Bc6 29. g3 c3 30. Nd4 Ba4 31. Re2 Rd8 0-1

[Event "Tournament: Southampton Open"]
[Site "?"]
[Date "1971.10.23"]
[Round "?"]
[White "Stebbings, A."]
[Black "Curtis, P."]
[Result "1-0"]
[WhiteElo "2152"]
[BlackElo "1952"]
[PlyCount "33"]
[EventDate "1971.??.??"]

1. d4 e6 2. e4 d5 3. e5 c5 4. c3 Nc6 5. Nf3 Qb6 6. Bd3 cxd4 7. cxd4 Bb4+ 8. Nc3
Nge7 9. O-O O-O 10. Bxh7+ Kxh7 11. Ng5+ Kg6 12. Qd3+ f5 13. Qh3 f4 14. Qh7+
Kxg5 15. h4+ Kg4 16. f3+ Kg3 17. Ne2# 1-0

[Event "Tournament: Southampton Open"]
[Site "?"]
[Date "1971.10.23"]
[Round "?"]
[White "Reuben, S."]
[Black "Stebbings, A."]
[Result "1-0"]
[WhiteElo "2160"]
[BlackElo "2152"]
[PlyCount "83"]
[EventDate "1971.??.??"]

1. c4 Nf6 2. Nc3 e6 3. Nf3 d5 4. d4 c6 5. Bg5 h6 6. Bh4 dxc4 7. e3 b5 8. a4 Bb4
9. Be2 Bb7 10. O-O Bxc3 11. bxc3 Nbd7 12. Rb1 a6 13. Bxc4 Qa5 14. Qb3 O-O 15.
Bd3 Rac8 16. c4 bxc4 17. Qxc4 Ba8 18. Qxa6 Qh5 19. Be2 c5 20. Bxf6 gxf6 21.
Rfc1 Kh8 22. Qd6 Rcd8 23. dxc5 Bd5 24. Qf4 Rg8 25. c6 e5 26. Nh4 exf4 27. Bxh5
Ne5 28. c7 Rc8 29. exf4 Nd3 30. Rc3 Nxf4 31. Rb5 Nxg2 32. Nxg2 Rxg2+ 33. Kf1
Rg5 34. Rb8 Be6 35. Bxf7 Bg4 36. Re3 Re5 37. Rxe5 fxe5 38. a5 Kg7 39. Rxc8 Bxc8
40. Bc4 Kf6 41. a6 Ke7 42. a7 1-0

[Event "Tournament: Southampton Open"]
[Site "?"]
[Date "1971.10.23"]
[Round "?"]
[White "Stebbings, A."]
[Black "Coles, J."]
[Result "1-0"]
[WhiteElo "2152"]
[BlackElo "1840"]
[PlyCount "49"]
[EventDate "1971.??.??"]

1. d4 Nf6 2. c4 e5 3. dxe5 Ng4 4. Nf3 Bc5 5. e3 Nc6 6. a3 a5 7. b3 Ngxe5 8. Bb2
Qe7 9. Nc3 Nxf3+ 10. gxf3 f6 11. f4 d6 12. Nd5 Qf7 13. Be2 Bf5 14. Bf3 O-O-O
15. Bc3 Rhe8 16. b4 axb4 17. axb4 Bb6 18. b5 Nb8 19. Nxb6+ cxb6 20. Qd4 Qc7 21.
Ra7 Re7 22. Bxb7+ Qxb7 23. Rxb7 Rxb7 24. O-O Kc7 25. Bb4 1-0

[Event "Tournament: Southampton Open"]
[Site "?"]
[Date "1971.10.24"]
[Round "?"]
[White "Aitken, J."]
[Black "Stebbings, A."]
[Result "0-1"]
[WhiteElo "2144"]
[BlackElo "2152"]
[PlyCount "100"]
[EventDate "1971.??.??"]

1. e4 c5 2. Nf3 Nc6 3. d4 cxd4 4. Nxd4 g6 5. Nc3 Bg7 6. Be3 Nf6 7. Bc4 Qa5 8.
Nb3 Qb4 9. Bd3 Nxe4 10. Bxe4 Bxc3+ 11. bxc3 Qxe4 12. O-O O-O 13. Qd2 d6 14.
Rae1 Qc4 15. Nd4 Bd7 16. Bh6 Rfe8 17. Re3 f6 18. Nxc6 Bxc6 19. Rfe1 Kf7 20. f4
Qxa2 21. Qe2 e5 22. f5 Rac8 23. Rh3 Rg8 24. Bc1 Rg7 25. Bh6 Rgg8 26. Bc1 Rh8
27. Qd3 Qd5 28. Qxd5+ Bxd5 29. Rd1 Be4 30. fxg6+ Bxg6 31. Rxd6 Rhd8 32. Rxd8
Rxd8 33. Be3 b6 34. Rf3 Bxc2 35. Rf1 Rd3 36. Bg5 Rd1 37. Be3 Ke6 38. Rxd1 Bxd1
39. Kf2 Kd5 40. Ke1 Bb3 41. Bh6 a5 42. Kd2 a4 43. Bf8 Ke4 44. g4 Kf4 45. Be7
Kxg4 46. Bxf6 Kf4 47. Be7 Kf3 48. Bf8 e4 49. Ke1 e3 50. Bd6 Bc4 0-1

[Event "Tournament: Southampton Open"]
[Site "?"]
[Date "1971.10.24"]
[Round "?"]
[White "Stebbings, A."]
[Black "Cubitt, C."]
[Result "0-1"]
[WhiteElo "2152"]
[BlackElo "2256"]
[PlyCount "92"]
[EventDate "1971.??.??"]

1. d4 c6 2. e4 d5 3. Nc3 dxe4 4. Nxe4 Nd7 5. Bc4 Ngf6 6. Ng5 Nd5 7. N1f3 g6 8.
h4 h6 9. Nh3 Bg7 10. Nf4 N7b6 11. Be2 Bg4 12. c3 O-O 13. Ne5 Bxe2 14. Qxe2 Nxf4
15. Bxf4 Qd5 16. Qf3 c5 17. dxc5 Qxc5 18. Nd3 Qb5 19. O-O Rad8 20. Rad1 Rd7 21.
Bc1 Rfd8 22. Nb4 a5 23. Nc2 Qa4 24. Ne3 Qxh4 25. Rxd7 Rxd7 26. Rd1 Qa4 27. Nd5
e6 28. Ne3 Rxd1+ 29. Nxd1 Qc2 30. Bf4 e5 31. Bg3 e4 32. Qg4 h5 33. Ne3 Qc1+ 34.
Qd1 Qxb2 35. Qd8+ Kh7 36. Bc7 Na4 37. Nd5 Nxc3 38. Ne7 Qa1+ 39. Kh2 Ne2 40.
Qg8+ Kh6 41. Qxf7 Qg1+ 42. Kh3 Qh1+ 43. Bh2 Ng1+ 44. Kg3 Be5+ 45. f4 exf3+ 46.
Kf2 Qxg2+ 0-1

[Event "County match"]
[Site "?"]
[Date "1971.10.30"]
[Round "?"]
[White "Stebbings, A."]
[Black "Bamford, A."]
[Result "1/2-1/2"]
[WhiteElo "2152"]
[BlackElo "2168"]
[PlyCount "70"]
[EventDate "1971.??.??"]

1. d4 Nf6 2. c4 c5 3. d5 e6 4. Nc3 exd5 5. cxd5 d6 6. e4 g6 7. f4 Bg7 8. Nf3
O-O 9. Be2 a6 10. a4 Qe7 11. e5 Ne8 12. O-O Nd7 13. exd6 Nxd6 14. Re1 Qd8 15.
a5 b5 16. axb6 Qxb6 17. Nd2 Nf6 18. Nc4 Qc7 19. Nxd6 Qxd6 20. Be3 Bb7 21. Na4
Qxd5 22. Qxd5 Nxd5 23. Bxc5 Nxf4 24. Bf1 Rfe8 25. Bf2 Ne6 26. Nb6 Rad8 27. Bxa6
Bxa6 28. Rxa6 Bxb2 29. Ra2 Bc3 30. Rc1 Bg7 31. g3 Nd4 32. Kg2 Nf5 33. Kf3 h5
34. Nc4 Rd3+ 35. Kg2 Rdd8 1/2-1/2

[Event "County match"]
[Site "?"]
[Date "1971.11.20"]
[Round "?"]
[White "Stebbings, A."]
[Black "Davison, C."]
[Result "1/2-1/2"]
[WhiteElo "2152"]
[BlackElo "2056"]
[PlyCount "55"]
[EventDate "1971.??.??"]

1. d4 e6 2. e4 d5 3. e5 c5 4. c3 Nc6 5. Nf3 Qb6 6. Bd3 cxd4 7. cxd4 Bd7 8. O-O
Nxd4 9. Nxd4 Qxd4 10. Nc3 a6 11. Qe2 Ne7 12. Rd1 Nc6 13. Bxa6 Qxe5 14. Qxe5
Nxe5 15. Bxb7 Ra7 16. Bxd5 exd5 17. Re1 f6 18. f4 Bc5+ 19. Kh1 d4 20. Nb1 O-O
21. fxe5 fxe5 22. Nd2 Bc6 23. Rxe5 Raf7 24. Nf3 Ba7 25. Ra5 d3 26. h4 Re7 27.
Bg5 Rxf3 28. Rxa7 1/2-1/2